Les monumens de la monarchie françoise (Registro nro. 160080)
[ vista simple ]
| 000 -LEADER | |
|---|---|
| campo de control de longitud fija | 01436nam a2200253 i 4500 |
| 001 - NÚMERO DE CONTROL | |
| campo de control | 160080 |
| 003 - IDENTIFICADOR DE NÚMERO DE CONTROL | |
| campo de control | ES-MaACL |
| 005 - FECHA Y HORA DE LA ÚLTIMA TRANSACCIÓN | |
| campo de control | 20250808073927.0 |
| 008 - DATOS DE LONGITUD FIJA--INFORMACIÓN GENERAL | |
| campo de control de longitud fija | 001103s1730 fr af |||| | fre d |
| 040 ## - FUENTE DE CATALOGACIÓN | |
| Centro catalogador/agencia de origen | CCPB | B |
| Lengua de catalogación | spa |
| Centro/agencia transcriptor | CCPB | B |
| 100 1# - ENTRADA PRINCIPAL--NOMBRE DE PERSONA | |
| Nombre de persona | Montfaucon, Bernard de, |
| Fechas asociadas al nombre | 1655-1741 |
| 9 (RLIN) | 82623 |
| 245 14 - MENCIÓN DEL TÍTULO | |
| Título | Les monumens de la monarchie françoise |
| Resto del título | : qui comprennent l'histoire de France, avec les figures de chaque regne que l'injure des temps a epargnées : tome second, La conquête de l'Angleterre par Guillaume, Duc de Normandie, dit le Bâtard, tirée d'un monument du tems ... / |
| Mención de responsabilidad, etc. | par ... Bernard de Montfaucon, religieux benedictin de la Congregation de Saint Maur. |
| 260 ## - PUBLICACIÓN, DISTRIBUCIÓN, ETC. | |
| Lugar de publicación, distribución, etc. | A Paris : |
| Nombre del editor, distribuidor, etc. | chez Julien-Michel Gandouin ... : |
| -- | Pierre-François Giffart ..., |
| Fecha de publicación, distribución, etc. | 1730 ( |
| Fabricante | de l'imprimerie de Claude Simon) |
| 300 ## - DESCRIPCIÓN FÍSICA | |
| Extensión | [4], 342, [32] p., LXIII h. de grab. ; |
| Dimensiones | Fol. |
| 596 ## - NOTA AL PIE DE IMPRENTA | |
| NOTA AL PIE DE IMPRENTA | El impresor consta en colofón. |
| 597 ## - NOTA DE DESCRIPCIÓN FÍSICA | |
| NOTA DE DESCRIPCIÓN FÍSICA | Sign.: []2, A-2X4, 2Z-3D2, 3E1. |
| 597 ## - NOTA DE DESCRIPCIÓN FÍSICA | |
| NOTA DE DESCRIPCIÓN FÍSICA | Antep. y port. a dos tintas con grab. xil. |
| 599 ## - NOTA A LAS ILUSTRACIONES | |
| NOTA A LAS ILUSTRACIONES | Ilustraciones calc. |
| 651 #7 - PUNTO DE ACCESO ADICIONAL DE MATERIA--NOMBRE GEOGRÁFICO | |
| Nombre geográfico | Francia- |
| Subdivisión general | Reyes y soberanos |
| Fuente del encabezamiento o término | |
| 9 (RLIN) | 137185 |
| 700 1# - ENTRADA AGREGADA--NOMBRE PERSONAL | |
| Nombre de persona | Gandouin, Julien Michel. |
| 9 (RLIN) | 127197 |
| 700 1# - ENTRADA AGREGADA--NOMBRE PERSONAL | |
| Nombre de persona | Giffart, Pierre Françoise. |
| 9 (RLIN) | 127300 |
| 852 ## - LOCALIZACIÓN | |
| Encuadernación | |
| Ubicación | BA |
| Número de control de estantería | R-80-84 |
| Nota libre | -- Enc. pasta |
| -- | -- Ex-libris de la Biblioteca del Rey N. Señor |
| Encuadernación | -- Edic.: Imp. tomado de colofón - [4], 342, [32] p. Olim: b-257-61 |
| Estatus retirado | Estado de pérdida | Estado de daño | No para préstamo | Colección | Biblioteca de origen | Biblioteca actual | Ubicación en estantería | Fecha de adquisición | Fuente de adquisición | Total de préstamos | Signatura topográfica completa | Código de barras | Visto por última vez | Precio de reemplazo | Tipo de ítem Koha |
|---|---|---|---|---|---|---|---|---|---|---|---|---|---|---|---|
| Libros del s. XVIII | Biblioteca del Ateneo de Madrid | Biblioteca del Ateneo de Madrid | Depósito | 17/01/2008 | R-81 | 1167592 | 23/02/2023 | 23/02/2023 | Libro impreso antiguo |
